Statistiche per Comuni della provincia di Parma

Clicka qui per fare il quiz!

Statistiche generali

  • Questo quiz è stato fatto 82 volte
  • Il punteggio medio è 27 su 44

Risposte nella Mappa

Le risposte nella mappa del quiz sottostante sono codificate secondo una scala di colori dal rosso al verde in base alla % di persone che hanno risposto correttamente.
 

Statistiche sulle risposte

Risposta% Corretto
Parma
98%
Fidenza
87%
Bardi
76%
Langhirano
76%
Colorno
74%
Salsomaggiore Terme‎
74%
Traversetolo‎
74%
Berceto
72%
Bedonia
70%
Borgo Val Di Taro
70%
Busseto
70%
Felino
70%
Fornovo di Taro
70%
Noceto
70%
Fontanellato
69%
Bore
65%
Collecchio
65%
Medesano
65%
Sala Baganza
63%
Sissa Trecasali‎
63%
Calestano
61%
Soragna
61%
Varsi
61%
Albareto
59%
Roccabianca
59%
San Secondo Parmense‎
59%
Polesine Zibello‎
57%
Varano De Melegari‎
57%
Corniglio
56%
Fontevivo
56%
Montechiarugolo
56%
Tornolo
54%
Compiano
52%
Neviano Degli Arduini
52%
Sorbolo Mezzani‎
52%
Lesignano De Bagni
50%
Monchio Delle Corti
50%
Torrile
50%
Palanzano
46%
Pellegrino Parmense
46%
Solignano
46%
Valmozzola‎
46%
Tizzano Val Parma‎
44%
Terenzo‎
37%

Distribuzione punteggi

Percentile per numero di risposta

Percentuale di utenti per punteggio

I tuoi punteggi nel tempo

Non hai fatto questo quiz